Statystyki dla Strzelcy goli w pierwszej kolejce Ekstraklasy sezonu 2022/23:

Kliknij tutaj aby rozwiązać quiz!

Ogólne statystyki

  • Ten quiz został rozwiązany 32 razy
  • Średni wynik to 9 z 17

Statystyki odpowiedzi

HintOdpowiedź% Poprawnych
Pogoń 0-1 WidzewBartłomiej Pawłowski
88%
Jagiellonia 1-0 PiastJesús Imaz
73%
Raków 1-0 WartaVladislavs Gutkovskis
69%
Wisła 2-0 LechiaDavo
62%
Lech 0-2 StalMaciej Domański
62%
Górnik 0-2 CracoviaMichał Rakoczy
62%
Korona 1-1 LegiaJakub Łukowski
58%
Lech 0-1 StalPiotr Wlazło
58%
Radomiak 0-1 MiedźMaciej Śliwa
54%
Wisła 1-0 LechiaŁukasz Sekulski
50%
Pogoń 1-1 WidzewLuka Zahović
50%
Radomiak 1-1 MiedźDawid Abramowicz
46%
Korona 0-1 LegiaErnest Muci
46%
Jagiellonia 2-0 PiastMateusz Kowalski
42%
Wisła 3-0 LechiaDawid Kocyła
23%
Górnik 0-1 CracoviaFlorian Loshaj
15%
Pogoń 2-1 WidzewVahan Bichakchyan
12%

Rozkład punktacji

Percentyl według liczby udzielonych odpowiedzi

Procent ludzi z każdym wynikiem

Twoja historia wyników

Nie rozwiązałeś tego quizu